000 00614nam a2200193 a 4500
001 000022374
005 20200930011711.0
008 101006s2002 dr 001 0 spa d
020 _a8474329825
040 _aDO-SdBNP
_bspa
_cBNPHU
082 _axxx
_bT269t
245 0 3 _aLa televisión en tiempos de guerra :
_bla onda expansiva de los atentados del 11-S /
_ccoordinador Paco Lobatón.
260 _aBarcelona :
_bEditorial Gedisa,
_c2002.
300 _a220 p. ;
_c24 cm.
490 1 _aLibertad y cambio
700 1 _aLobatón, Paco
_d1951-
_ecoor.
_946147
830 0 _aLibertad y cambio
_931651
049 _aBNPD
999 _c21872
_d21872